000 00281nam a22001217a 4500
008 180802b xxu||||| |||| 00| 0 eng d
082 _a813.52
245 _aCollege Oral Communication 3
_cDelk,Ch,L
260 _c2006
300 _a2
_fCD
440 _x0618230394
942 _2ddc
_cMX
999 _c46711
_d46711